000 00683nam a22002417a 4500
003 UA-OsUOA
001 36777
007 ta
008 20060215b un ||||| |||| 00| 0 ukr d
100 _aБогуцький К.
090 _a811.162.1
_bБ73
942 _cBK
040 _aUA-OsUOA
_bukr
_cUA-OsUOA
_dUA-OsUOA
245 _aУкраїнсько-польський розмовник
300 _a256 с.
955 _a2
041 _aukr
080 _a811.162.1
020 _a966-686-077-5
260 _aК.
_bПавлім
_c2003
650 7 _a8 Мовознавство. Художня література. Літературознавство
_2UDC
999 _c323019
_d323019